[Event "Titled Tuesday intern op 09th Nov"]
[Site "Chess.com INT"]
[Date "2021.11.09"]
[Round "4"]
[White "Adewumi, Tanitoluwa"]
[Black "Orantes Taboada, Francisco"]
[Result "1-0"]
[WhiteElo "2121"]
[BlackElo "2221"]
[PlyCount "59"]
[EventDate "2021.11.09"]
[EventType "swiss (blitz)"]
[EventRounds "11"]
[EventCountry "USA"]
[SourceTitle "CBM 205 Extra"]
[Source "ChessBase"]
[SourceDate "2022.01.31"]
[SourceVersion "1"]
[SourceVersionDate "2022.01.31"]
[SourceQuality "1"]

1. e4 c5 2. Nf3 Nc6 3. Bb5 a6 4. Bxc6 dxc6 5. 0-0 Qc7 6. d3 e5 7. h3 Bd6 8. Nc3 Ne7 9. Re1 0-0 10. Nd2 Ng6 11. Kh2 Be6 12. g3 Rae8 13. Qe2 b5 14. a4 b4 15. Nd1 f5 16. exf5 Bxf5 17. Ne3 e4 18. Nxf5 Rxf5 19. dxe4 Rg5 20. Nf1 Rge5 21. Qc4+ Kh8 22. f4 Rh5 23. Qe2 Rh6 24. e5 Qc8 25. f5 Rxe5 26. Qd1 Rxe1 27. Qxe1 Qxf5 28. Bxh6 gxh6 29. Rd1 Nh4 30. Qe2 1-0

[Event "Titled Tuesday intern op 09th Nov"]
[Site "Chess.com INT"]
[Date "2021.11.09"]
[Round "5"]
[White "Bongo Akanga Ndjila, Barthelemy"]
[Black "Orantes Taboada, Francisco"]
[Result "0-1"]
[WhiteElo "1803"]
[BlackElo "2221"]
[PlyCount "62"]
[EventDate "2021.11.09"]
[EventType "swiss (blitz)"]
[EventRounds "11"]
[EventCountry "USA"]
[SourceTitle "CBM 205 Extra"]
[Source "ChessBase"]
[SourceDate "2022.01.31"]
[SourceVersion "1"]
[SourceVersionDate "2022.01.31"]
[SourceQuality "1"]

1. d4 Nf6 2. c4 g6 3. Nc3 d5 4. Bg5 Ne4 5. Bh4 Nxc3 6. bxc3 dxc4 7. Qa4+ Bd7 8. Qxc4 Bc6 9. Nf3 Bg7 10. Qb4 Qd6 11. e3 Qxb4 12. cxb4 Nd7 13. Be2 e5 14. b5 Bd5 15. dxe5 Nxe5 16. Nxe5 Bxe5 17. Rc1 Bxg2 18. Rg1 Bd5 19. Bg3 Bxg3 20. hxg3 0-0-0 21. a4 h5 22. a5 h4 23. gxh4 Rxh4 24. b6 axb6 25. axb6 c6 26. Ra1 Kd7 27. Ra7 c5 28. Kd2 Kc6 29. Rb1 Bc4+ 30. Ke1 Rh1+ 31. Bf1 Rxf1# 0-1

[Event "Titled Tuesday intern op 09th Nov"]
[Site "Chess.com INT"]
[Date "2021.11.09"]
[Round "2"]
[White "Manukyan, Sargis A"]
[Black "Orantes Taboada, Francisco"]
[Result "0-1"]
[WhiteElo "2113"]
[BlackElo "2221"]
[PlyCount "136"]
[EventDate "2021.11.09"]
[EventType "swiss (blitz)"]
[EventRounds "11"]
[EventCountry "USA"]
[SourceTitle "CBM 205 Extra"]
[Source "ChessBase"]
[SourceDate "2022.01.31"]
[SourceVersion "1"]
[SourceVersionDate "2022.01.31"]
[SourceQuality "1"]

1. e4 c5 2. Nc3 g6 3. Bc4 Bg7 4. Nge2 Nc6 5. 0-0 e6 6. Ng3 Nge7 7. f4 d5 8. exd5 exd5 9. Bb5 0-0 10. Bxc6 bxc6 11. d3 Nf5 12. Nxf5 Bxf5 13. g4 Bd7 14. f5 Bd4+ 15. Kh1 Qh4 16. Qf3 Rae8 17. Bd2 Re7 18. Rae1 Rfe8 19. Rxe7 Rxe7 20. f6 Re6 21. g5 Re5 22. Bf4 Bg4 23. Qg3 Qxg3 24. hxg3 Re6 25. Bd2 h6 26. Kg2 hxg5 27. Bxg5 Bf5 28. Kf3 Bxf6 29. Bxf6 Rxf6 30. Ke2 d4 31. Na4 Bg4+ 32. Ke1 Re6+ 33. Kd2 Re2+ 34. Kc1 c4 35. b3 cxd3 36. cxd3 Bf5 37. Rf4 Bxd3 38. Rxd4 Bb5 39. Nc3 Re3 40. Kd2 Rxg3 41. a4 Bf1 42. Rd8+ Kg7 43. Ne4 Rxb3 44. Nc5 Rb2+ 45. Kc3 Ra2 46. Rd7 a6 47. Kb3 Rf2 48. Ne6+ Kf6 49. Nc5 Ke5 50. Kb4 Rf4+ 51. Ka5 g5 52. Kb6 g4 53. Re7+ Kf6 54. Re8 g3 55. Rg8 g2 56. Ne4+ Rxe4 57. a5 Re5 58. Rg3 Rg5 59. Rf3+ Kg6 60. Rc3 g1Q+ 61. Kb7 Rb5+ 62. Kc8 Qa7 63. Rxc6+ f6 64. Rc7 Rb8+ 65. Kd7 Bb5+ 66. Kd6 Rd8+ 67. Ke6 Bc4+ 68. Rxc4 Qd7# 0-1

[Event "Titled Tuesday intern op 09th Nov"]
[Site "Chess.com INT"]
[Date "2021.11.09"]
[Round "8"]
[White "Orantes Taboada, Francisco"]
[Black "Demeter, Dorina"]
[Result "1-0"]
[WhiteElo "2221"]
[BlackElo "2054"]
[PlyCount "107"]
[EventDate "2021.11.09"]
[EventType "swiss (blitz)"]
[EventRounds "11"]
[EventCountry "USA"]
[SourceTitle "CBM 205 Extra"]
[Source "ChessBase"]
[SourceDate "2022.01.31"]
[SourceVersion "1"]
[SourceVersionDate "2022.01.31"]
[SourceQuality "1"]

1. Nf3 d5 2. g3 g6 3. Bg2 Bg7 4. d4 Nf6 5. 0-0 0-0 6. c4 Nc6 7. Nc3 dxc4 8. Qa4 Nxd4 9. Rd1 Nxf3+ 10. Bxf3 Qe8 11. Qxc4 c6 12. Qb4 a5 13. Qb6 Ra6 14. Qc7 Nd7 15. Bf4 e5 16. Be3 e4 17. Nxe4 Be5 18. Nd6 Qe6 19. Bf4 Bxf4 20. gxf4 Nf6 21. f5 gxf5 22. Nxc8 Qxc8 23. Qe7 Qe6 24. Qxb7 c5 25. Kh1 Rb6 26. Qc7 Rxb2 27. Qxa5 Ng4 28. Rg1 Rxe2 29. Bxe2 Qxe2 30. Qxc5 Qf3+ 31. Rg2 Re8 32. Kg1 Qe4 33. Rg3 Kh8 34. Qc3+ f6 35. f3 Qe3+ 36. Qxe3 Nxe3 37. a4 f4 38. Rg2 Nxg2 39. Kxg2 Kg7 40. a5 Kg6 41. a6 Kg5 42. a7 Ra8 43. Ra6 h6 44. Kh3 h5 45. Kg2 Kg6 46. Kf2 Kg5 47. Kg2 Kg6 48. h4 Kf7 49. Kf2 Kg6 50. Ke2 Kf5 51. Kd3 Ke5 52. Kc4 Kf5 53. Kd5 Kg6 54. Ke6 1-0

[Event "Titled Tuesday intern op 09th Nov"]
[Site "Chess.com INT"]
[Date "2021.11.09"]
[Round "9"]
[White "Orantes Taboada, Francisco"]
[Black "Ezat, Mohamed Mahmoud"]
[Result "0-1"]
[WhiteElo "2221"]
[BlackElo "2418"]
[PlyCount "138"]
[EventDate "2021.11.09"]
[EventType "swiss (blitz)"]
[EventRounds "11"]
[EventCountry "USA"]
[SourceTitle "CBM 205 Extra"]
[Source "ChessBase"]
[SourceDate "2022.01.31"]
[SourceVersion "1"]
[SourceVersionDate "2022.01.31"]
[SourceQuality "1"]

1. Nf3 Nf6 2. g3 g6 3. b3 Bg7 4. Bb2 0-0 5. Bg2 d6 6. d4 e5 7. dxe5 Ng4 8. c4 Nc6 9. Qc1 Ngxe5 10. 0-0 a5 11. Nc3 Nxf3+ 12. Bxf3 Nd4 13. Bg2 a4 14. e3 a3 15. Bxa3 Nc2 16. Qxc2 Rxa3 17. Rad1 c6 18. Rd2 Qa5 19. Nb1 Bf5 20. e4 Bh6 21. f4 Bg4 22. Nxa3 Qxa3 23. Qb2 Qa5 24. Qd4 Bg7 25. Qxd6 Bc3 26. Rc2 Rd8 27. Qe7 Rd3 28. f5 Qe5 29. Qxe5 Bxe5 30. h3 Bd1 31. Rc1 Be2 32. Rfe1 Rd2 33. Bf1 Bxf1 34. Rxf1 Bxg3 35. b4 g5 36. b5 Kg7 37. bxc6 bxc6 38. Rc3 Be5 39. Ra3 h5 40. Ra6 g4 41. hxg4 hxg4 42. Rxc6 g3 43. Rf3 Bd4+ 44. Kf1 g2+ 45. Ke1 g1Q+ 46. Kxd2 Qg2+ 47. Kd3 Qxf3+ 48. Kxd4 Qd1+ 49. Ke5 f6+ 50. Ke6 Qd8 51. Rd6 Qe8+ 52. Kd5 Qe5+ 53. Kc6 Qxe4+ 54. Rd5 Qxc4+ 55. Rc5 Qxa2 56. Kd6 Qe2 57. Rd5 Qe4 58. Rc5 Qd4+ 59. Rd5 Qb6+ 60. Ke7 Qb7+ 61. Rd7 Qe4+ 62. Kd6+ Kh6 63. Re7 Qd4+ 64. Ke6 Kg5 65. Kf7 Kf4 66. Re6 Kxf5 67. Re7 Qd5+ 68. Kg7 Qg2+ 69. Kh6 Qg6# 0-1

[Event "Titled Tuesday intern op 24th Aug"]
[Site "Chess.com INT"]
[Date "2021.08.24"]
[Round "2"]
[White "Orantes Taboada, Francisco"]
[Black "Ichimura G Barbosa, Larissa Yuki"]
[Result "1-0"]
[WhiteElo "2221"]
[BlackElo "2007"]
[PlyCount "73"]
[EventDate "2021.08.24"]
[EventType "swiss (blitz)"]
[EventRounds "11"]
[EventCountry "USA"]
[SourceTitle "EXT 2022"]
[Source "ChessBase"]
[SourceDate "2021.10.06"]
[SourceVersion "1"]
[SourceVersionDate "2021.10.06"]
[SourceQuality "1"]

1. e4 c5 2. Nf3 d6 3. c3 Nf6 4. Bd3 Nc6 5. 0-0 e6 6. Re1 Be7 7. Bc2 0-0 8. d4 cxd4 9. cxd4 Bd7 10. Nc3 Rc8 11. Bg5 a6 12. e5 dxe5 13. dxe5 Ne8 14. Qd3 g6 15. Bh6 Nb4 16. Qe4 Nxc2 17. Qxc2 Nc7 18. Bxf8 Bxf8 19. Rad1 Qe7 20. Ne4 Nd5 21. Qb3 b5 22. Rxd5 exd5 23. Nf6+ Kh8 24. Qxd5 Be6 25. Qd4 Rc4 26. Qb6 Bg7 27. Ng5 Bxf6 28. exf6 Qxf6 29. Nxe6 fxe6 30. h3 Rc2 31. Rxe6 Rc1+ 32. Kh2 Qf4+ 33. g3 Qf3 34. Qd4+ Kg8 35. Re8+ Kf7 36. Qd7+ Kf6 37. Rf8+ 1-0

[Event "Titled Tuesday intern op 24th Aug"]
[Site "Chess.com INT"]
[Date "2021.08.24"]
[Round "4"]
[White "Orantes Taboada, Francisco"]
[Black "Sidorika, Vladislav"]
[Result "0-1"]
[WhiteElo "2221"]
[BlackElo "2328"]
[PlyCount "98"]
[EventDate "2021.08.24"]
[EventType "swiss (blitz)"]
[EventRounds "11"]
[EventCountry "USA"]
[SourceTitle "EXT 2022"]
[Source "ChessBase"]
[SourceDate "2021.10.06"]
[SourceVersion "1"]
[SourceVersionDate "2021.10.06"]
[SourceQuality "1"]

1. Nf3 d5 2. g3 Bg4 3. Bg2 Nd7 4. d4 Ngf6 5. 0-0 c6 6. c4 e6 7. Nc3 Bxf3 8. Bxf3 dxc4 9. e4 Be7 10. Be3 0-0 11. Qe2 Nb6 12. Rad1 Rc8 13. d5 cxd5 14. Bxb6 Qxb6 15. exd5 Rfd8 16. dxe6 fxe6 17. Rxd8+ Bxd8 18. Re1 Kf7 19. Bh5+ g6 20. Bg4 Nxg4 21. Qxg4 Bf6 22. Nd5 Qd6 23. Nxf6 Kxf6 24. Re4 Rc6 25. Rf4+ Kg7 26. Qg5 Qd1+ 27. Kg2 Qd5+ 28. Qxd5 exd5 29. Kf3 Rb6 30. Rd4 Rxb2 31. Rxd5 c3 32. Rc5 c2 33. a4 b6 34. Rc6 a6 35. Ke3 Ra2 36. Kd3 b5 37. axb5 axb5 38. Rxc2 Rxc2 39. Kxc2 Kf6 40. Kb3 Ke5 41. Kb4 Ke4 42. f4 Kf3 43. Kxb5 h5 44. Kc5 Kg2 45. Kd5 Kxh2 46. Ke5 Kxg3 47. Kf6 Kxf4 48. Kxg6 h4 49. Kh5 h3 0-1

[Event "Titled Tuesday intern op 20th July"]
[Site "Chess.com INT"]
[Date "2021.07.20"]
[Round "5"]
[White "Madaminov, Mukhiddin"]
[Black "Orantes Taboada, Francisco"]
[Result "1-0"]
[WhiteElo "2139"]
[BlackElo "2223"]
[PlyCount "117"]
[EventDate "2021.07.20"]
[EventType "swiss (blitz)"]
[EventRounds "11"]
[EventCountry "USA"]
[SourceTitle "CBM 203 Extra"]
[Source "ChessBase"]
[SourceDate "2021.09.30"]
[SourceVersion "1"]
[SourceVersionDate "2021.09.30"]
[SourceQuality "1"]

1. e4 c5 2. Nf3 Nc6 3. Bb5 a6 4. Bxc6 dxc6 5. 0-0 Qc7 6. c3 e5 7. d4 cxd4 8. cxd4 exd4 9. Nxd4 Bd6 10. f4 Ne7 11. Be3 0-0 12. Nc3 Rd8 13. Rc1 Bc5 14. Nce2 Qb6 15. Qb3 Qxb3 16. axb3 Ba7 17. Kf2 Bg4 18. Rfd1 Rd7 19. h3 Bxe2 20. Nxe2 Bxe3+ 21. Kxe3 Rad8 22. Rxd7 Rxd7 23. g4 f6 24. b4 Kf7 25. Nd4 Nc8 26. h4 Nb6 27. h5 Re7 28. Kd3 Nc8 29. b5 axb5 30. Nxb5 Rd7+ 31. Ke3 Rd8 32. Nd4 Nd6 33. e5 fxe5 34. fxe5 Ne8 35. Ra1 c5 36. Nf3 Ke6 37. Ke4 h6 38. g5 hxg5 39. Nxg5+ Ke7 40. Ra7 Rd4+ 41. Kf5 Rb4 42. Ne6 c4 43. Nc5 Rxb2 44. Nxb7 Kf8 45. Ke6 Rb6+ 46. Nd6 Nxd6 47. exd6 Rb8 48. Rc7 Re8+ 49. Kd7 Re5 50. Rxc4 Rxh5 51. Rf4+ Kg8 52. Ke6 Rh1 53. d7 Re1+ 54. Kd5 Rd1+ 55. Rd4 Ra1 56. d8Q+ Kh7 57. Rh4+ Kg6 58. Qe8+ Kf6 59. Qe6+ 1-0

[Event "Titled Tuesday intern op 20th July"]
[Site "Chess.com INT"]
[Date "2021.07.20"]
[Round "4"]
[White "Orantes Taboada, Francisco"]
[Black "De Silva, LMST"]
[Result "0-1"]
[WhiteElo "2223"]
[BlackElo "2085"]
[PlyCount "76"]
[EventDate "2021.07.20"]
[EventType "swiss (blitz)"]
[EventRounds "11"]
[EventCountry "USA"]
[SourceTitle "CBM 203 Extra"]
[Source "ChessBase"]
[SourceDate "2021.09.30"]
[SourceVersion "1"]
[SourceVersionDate "2021.09.30"]
[SourceQuality "1"]

1. Nf3 Nf6 2. g3 b6 3. Bg2 Bb7 4. d4 g6 5. 0-0 Bg7 6. b3 0-0 7. Bb2 e6 8. c4 d6 9. Nc3 Ne4 10. Qc2 Nxc3 11. Qxc3 f5 12. Rad1 Nd7 13. Rfe1 Qe7 14. Qc1 Nf6 15. d5 e5 16. b4 a5 17. a3 axb4 18. axb4 Ra4 19. Qc2 Rfa8 20. Ra1 b5 21. Rxa4 Rxa4 22. Nxe5 dxe5 23. d6 cxd6 24. Bxb7 Qxb7 25. cxb5 Rxb4 26. Ba3 Rxb5 27. Bxd6 h6 28. Rd1 Rd5 29. Rb1 Qd7 30. Rb8+ Kh7 31. Bf8 Rd1+ 32. Kg2 Qd5+ 33. f3 Qd4 34. Bc5 Qd2 35. Qc4 Qe1 36. g4 Qf1+ 37. Kg3 f4+ 38. Kh4 g5# 0-1

[Event "Titled Tuesday intern op 20th July"]
[Site "Chess.com INT"]
[Date "2021.07.20"]
[Round "1"]
[White "Seo, Jung Min"]
[Black "Orantes Taboada, Francisco"]
[Result "0-1"]
[WhiteElo "2453"]
[BlackElo "2223"]
[PlyCount "72"]
[EventDate "2021.07.20"]
[EventType "swiss (blitz)"]
[EventRounds "11"]
[EventCountry "USA"]
[SourceTitle "CBM 203 Extra"]
[Source "ChessBase"]
[SourceDate "2021.09.30"]
[SourceVersion "1"]
[SourceVersionDate "2021.09.30"]
[SourceQuality "1"]

1. e4 c5 2. Nf3 Nc6 3. d4 cxd4 4. Nxd4 e5 5. Nb5 d6 6. c4 Be7 7. N1c3 a6 8. Na3 f5 9. exf5 Bxf5 10. Bd3 Be6 11. Nc2 Nf6 12. 0-0 0-0 13. Ne3 Nd4 14. b3 Rc8 15. Bb2 Nd7 16. Ncd5 Bg5 17. Nc3 Nc5 18. Ne4 Nxd3 19. Qxd3 Bf4 20. Rad1 Qh4 21. Ng3 Bg4 22. Rde1 Be6 23. Nd5 Bxd5 24. cxd5 Nc2 25. Re2 Nb4 26. Qe4 Nxa2 27. Bxe5 dxe5 28. Ree1 Nc3 29. Qd3 Nb5 30. d6 Rc3 31. Qd5+ Kh8 32. d7 Nd4 33. Qxb7 Rc6 34. Re4 Rd6 35. Qc8 Qd8 36. Qc7 Qxc7 0-1

[Event "Titled Tuesday intern op 22nd June"]
[Site "Chess.com INT"]
[Date "2021.06.22"]
[Round "3"]
[White "Dolgitser, Konstantin"]
[Black "Orantes Taboada, Francisco"]
[Result "0-1"]
[WhiteElo "2210"]
[BlackElo "2237"]
[PlyCount "98"]
[EventDate "2021.06.22"]
[EventType "swiss (blitz)"]
[EventRounds "11"]
[EventCountry "USA"]
[SourceTitle "CBM 203 Extra"]
[Source "ChessBase"]
[SourceDate "2021.09.30"]
[SourceVersion "1"]
[SourceVersionDate "2021.09.30"]
[SourceQuality "1"]

1. d4 Nf6 2. c4 g6 3. Nc3 d5 4. Nf3 Bg7 5. Qb3 dxc4 6. Qxc4 0-0 7. e4 Nc6 8. Be2 Bg4 9. d5 Bxf3 10. gxf3 Ne5 11. Qb3 Qc8 12. f4 Ned7 13. Be3 c6 14. Rc1 Rd8 15. 0-0 Nb6 16. dxc6 bxc6 17. e5 Nfd5 18. Nxd5 Nxd5 19. Bf3 Rb8 20. Qc2 Nb4 21. Qa4 Qh3 22. Bg2 Qg4 23. h3 Qe2 24. Qxa7 e6 25. Bb6 Rdc8 26. Bd4 Nd3 27. Rcd1 Nxf4 28. Be3 Nxg2 29. Kxg2 Rxb2 30. Qd4 Bf8 31. Rd2 Rxd2 32. Qxd2 Qc4 33. Qd7 Qd5+ 34. Qxd5 cxd5 35. Ra1 Ba3 36. Bd4 Rc2 37. Kf3 Kf8 38. Ke3 Ke7 39. Kd3 Rc4 40. Rb1 Kd7 41. Rb3 Bc5 42. Bxc5 Rxc5 43. a4 Rc4 44. Ra3 Kc6 45. a5 Kb7 46. Ke3 Ka6 47. f4 Re4+ 48. Kf3 h5 49. Rc3 Rc4 0-1

[Event "Titled Tuesday intern op 22nd June"]
[Site "Chess.com INT"]
[Date "2021.06.22"]
[Round "5"]
[White "Guzman Moneo, Alberto"]
[Black "Orantes Taboada, Francisco"]
[Result "0-1"]
[WhiteElo "2196"]
[BlackElo "2237"]
[PlyCount "100"]
[EventDate "2021.06.22"]
[EventType "swiss (blitz)"]
[EventRounds "11"]
[EventCountry "USA"]
[SourceTitle "CBM 203 Extra"]
[Source "ChessBase"]
[SourceDate "2021.09.30"]
[SourceVersion "1"]
[SourceVersionDate "2021.09.30"]
[SourceQuality "1"]

1. e4 c5 2. Nc3 g6 3. f4 Bg7 4. Nf3 Nc6 5. Bc4 d6 6. a3 e6 7. d3 Nge7 8. Ba2 0-0 9. 0-0 Rb8 10. f5 exf5 11. Bg5 Qb6 12. Rb1 c4+ 13. Kh1 fxe4 14. dxe4 Be6 15. Qe2 Rbc8 16. Be3 Qa5 17. Ng5 Ne5 18. h3 h6 19. Nxe6 fxe6 20. Rbd1 Rxf1+ 21. Qxf1 Rf8 22. Qe2 d5 23. exd5 Nxd5 24. Nxd5 exd5 25. Bxh6 Rf5 26. Bxg7 Kxg7 27. Rf1 Rxf1+ 28. Qxf1 Qd2 29. Bb1 d4 30. Qg1 b5 31. c3 d3 32. Qd4 Qe1+ 33. Kh2 Kh7 34. Qxa7+ Kh6 35. Qb8 Qe2 36. Qh8+ Kg5 37. Qd8+ Kf5 38. Qf8+ Ke4 39. Kg3 Qe3+ 40. Kh2 Qf4+ 41. Qxf4+ Kxf4 42. Kg1 Kg3 43. Kf1 g5 44. Kg1 Ng6 45. a4 bxa4 46. Ba2 d2 47. Bxc4 d1Q+ 48. Bf1 Nf4 49. c4 Ne2+ 50. Kh1 Qxf1# 0-1

[Event "Titled Tuesday intern op 15th June"]
[Site "Chess.com INT"]
[Date "2021.06.15"]
[Round "4"]
[White "Orantes Taboada, Francisco"]
[Black "Rodchenkov, Vitaly"]
[Result "1-0"]
[WhiteElo "2237"]
[BlackElo "2330"]
[PlyCount "129"]
[EventDate "2021.06.15"]
[EventType "swiss (blitz)"]
[EventRounds "11"]
[EventCountry "USA"]
[SourceTitle "CBM 203 Extra"]
[Source "ChessBase"]
[SourceDate "2021.09.30"]
[SourceVersion "1"]
[SourceVersionDate "2021.09.30"]
[SourceQuality "1"]

1. Nf3 Nf6 2. g3 d5 3. Bg2 g6 4. 0-0 Bg7 5. d4 0-0 6. c4 c6 7. Nc3 Bf5 8. Nd2 Qc7 9. e4 dxe4 10. Ndxe4 Nxe4 11. Nxe4 Bxe4 12. Bxe4 e6 13. Be3 Rd8 14. Qd2 Nd7 15. Rfd1 Ne5 16. Bf4 Qe7 17. Qe2 Nd7 18. Rac1 Nf6 19. Bf3 Qb4 20. a3 Qb3 21. Rc3 Qa4 22. Be5 Rd7 23. d5 exd5 24. cxd5 cxd5 25. Rdc1 Re8 26. Rc8 Rde7 27. b3 Qd7 28. R1c7 Qe6 29. Bxf6 Qxe2 30. Bxe2 Rxe2 31. Bxg7 Kxg7 32. Rxe8 Rxe8 33. Rxb7 a6 34. Kf1 Re6 35. Rd7 Re5 36. Kg2 Kf6 37. Rd6+ Re6 38. Rxd5 Rb6 39. Rd3 Ke6 40. f4 f5 41. Kf3 Rb5 42. Ke3 Rb6 43. Kd4 Rb8 44. Kc5 Ke7 45. Re3+ Kd7 46. b4 Rb5+ 47. Kc4 Kd8 48. a4 Rb7 49. Kc5 Kd7 50. Rd3+ Kc7 51. Rd6 a5 52. Rc6+ Kd7 53. b5 Ke7 54. b6 Kd7 55. Rc7+ Rxc7+ 56. bxc7 Kxc7 57. Kb5 h6 58. Kxa5 g5 59. Kb5 gxf4 60. gxf4 Kd6 61. a5 Kd5 62. a6 Ke4 63. a7 Kxf4 64. a8Q Kg4 65. Qg2+ 1-0

[Event "Titled Tuesday intern op 15th June"]
[Site "Chess.com INT"]
[Date "2021.06.15"]
[Round "2"]
[White "Orantes Taboada, Francisco"]
[Black "Simonovic, Miroslav"]
[Result "1-0"]
[WhiteElo "2237"]
[BlackElo "2119"]
[PlyCount "67"]
[EventDate "2021.06.15"]
[EventType "swiss (blitz)"]
[EventRounds "11"]
[EventCountry "USA"]
[SourceTitle "CBM 203 Extra"]
[Source "ChessBase"]
[SourceDate "2021.09.30"]
[SourceVersion "1"]
[SourceVersionDate "2021.09.30"]
[SourceQuality "1"]

1. Nf3 c5 2. g3 Nc6 3. d4 cxd4 4. Nxd4 g6 5. Bg2 Bg7 6. Nb3 Nf6 7. 0-0 0-0 8. Nc3 d6 9. a4 Bd7 10. a5 Rc8 11. a6 bxa6 12. Rxa6 Qc7 13. Be3 Rb8 14. Bxc6 Bxc6 15. Rxa7 Rb7 16. Rxb7 Qxb7 17. f3 Ra8 18. Qd3 Nd5 19. Bd4 Nb4 20. Qd2 Nxc2 21. Qxc2 Bxd4+ 22. Nxd4 Qb6 23. e3 e5 24. Nxc6 Qxc6 25. Qe4 Qc8 26. Nd5 Ra7 27. Qh4 h5 28. Ne7+ Rxe7 29. Qxe7 Qc5 30. Qg5 Kg7 31. Re1 f6 32. Qh4 g5 33. Qe4 Qc2 34. Qxc2 1-0

[Event "Titled Tuesday intern op 15th June"]
[Site "Chess.com INT"]
[Date "2021.06.15"]
[Round "9"]
[White "Orantes Taboada, Francisco"]
[Black "Siniauski, Artsiom"]
[Result "0-1"]
[WhiteElo "2237"]
[BlackElo "2320"]
[PlyCount "54"]
[EventDate "2021.06.15"]
[EventType "swiss (blitz)"]
[EventRounds "11"]
[EventCountry "USA"]
[SourceTitle "CBM 203 Extra"]
[Source "ChessBase"]
[SourceDate "2021.09.30"]
[SourceVersion "1"]
[SourceVersionDate "2021.09.30"]
[SourceQuality "1"]

1. Nf3 Nf6 2. g3 b6 3. Bg2 Bb7 4. d4 g6 5. 0-0 Bg7 6. c4 0-0 7. Nc3 Ne4 8. Qc2 Nxc3 9. bxc3 d6 10. Rd1 Nd7 11. a4 a5 12. Ba3 Re8 13. c5 bxc5 14. dxc5 Nf6 15. cxd6 cxd6 16. Rab1 Qc7 17. c4 Be4 18. Qa2 Bxb1 19. Rxb1 Rab8 20. Rb5 Rbc8 21. c5 dxc5 22. Bxc5 Ne4 23. Be3 Nc3 24. Qb3 Nxb5 25. axb5 Qc4 26. Qb1 a4 27. Nd2 Qc1+ 0-1

[Event "Titled Tuesday intern op 15th June"]
[Site "Chess.com INT"]
[Date "2021.06.15"]
[Round "6"]
[White "Solon, Nathan"]
[Black "Orantes Taboada, Francisco"]
[Result "1-0"]
[WhiteElo "2306"]
[BlackElo "2237"]
[PlyCount "119"]
[EventDate "2021.06.15"]
[EventType "swiss (blitz)"]
[EventRounds "11"]
[EventCountry "USA"]
[SourceTitle "CBM 203 Extra"]
[Source "ChessBase"]
[SourceDate "2021.09.30"]
[SourceVersion "1"]
[SourceVersionDate "2021.09.30"]
[SourceQuality "1"]

1. d4 Nf6 2. c4 g6 3. g3 d5 4. cxd5 Nxd5 5. e4 Nb6 6. Bg2 Bg7 7. Ne2 0-0 8. 0-0 Nc6 9. d5 Na5 10. Nbc3 c6 11. dxc6 Nxc6 12. b3 Bg4 13. f3 Be6 14. Be3 Qxd1 15. Rfxd1 Rfd8 16. Rac1 Rxd1+ 17. Rxd1 Rd8 18. Rxd8+ Nxd8 19. Nb5 Nc6 20. Nxa7 Nxa7 21. Bxb6 Nb5 22. Kf2 Kf8 23. Ke3 Ke8 24. f4 Bg4 25. e5 Bc8 26. a4 Na3 27. Kd2 f6 28. Bc5 Nb1+ 29. Kc1 Bf5 30. Nd4 Bd3 31. Ne6 Bh6 32. exf6 exf6 33. Bxb7 Kd7 34. Nd4 g5 35. fxg5 Bxg5+ 36. Kb2 Bd2 37. Nb5 Ba5 38. Bd4 Nd2 39. Bxf6 Nf1 40. Bc3 Bb6 41. Nd4 Nxh2 42. a5 Ba7 43. Nc6 Kc7 44. a6 Bxa6 45. Bxa6 Kxc6 46. Bd3 h5 47. Bg6 Ng4 48. Bxh5 Nf2 49. Bf3+ Kb5 50. g4 Nd3+ 51. Kc2 Nc5 52. g5 Ne6 53. g6 Bd4 54. Bxd4 Nxd4+ 55. Kd3 Nxf3 56. g7 Ne5+ 57. Ke4 Nd7 58. Kf5 Nf6 59. Kxf6 Kb4 60. g8Q 1-0

[Event "Titled Tuesday intern op 18th May"]
[Site "Chess.com INT"]
[Date "2021.05.18"]
[Round "7"]
[White "Stojanovski, Sandi"]
[Black "Orantes Taboada, Francisco"]
[Result "0-1"]
[WhiteElo "2232"]
[BlackElo "2237"]
[PlyCount "42"]
[EventDate "2021.05.18"]
[EventType "swiss (blitz)"]
[EventRounds "11"]
[EventCountry "USA"]
[SourceTitle "CBM 202 Extra"]
[Source "ChessBase"]
[SourceDate "2021.07.31"]
[SourceVersion "1"]
[SourceVersionDate "2021.07.31"]
[SourceQuality "1"]

1. Nf3 Nf6 2. g3 g6 3. Bg2 Bg7 4. 0-0 0-0 5. d3 d5 6. c4 c5 7. Nc3 Nc6 8. cxd5 Nxd5 9. Nxd5 Qxd5 10. Be3 Qh5 11. Rc1 b6 12. Ng5 Bb7 13. Bf3 Qh6 14. Ne6 Qh3 15. Nxf8 Rxf8 16. b4 Ne5 17. Bxb7 Ng4 18. Re1 Qxh2+ 19. Kf1 Bh6 20. Bg2 Nxe3+ 21. fxe3 Bxe3 0-1

[Event "Titled Tuesday intern op 27th Apr"]
[Site "Chess.com INT"]
[Date "2021.04.27"]
[Round "5"]
[White "Valle Maytin, Luis Enrique"]
[Black "Orantes Taboada, Francisco"]
[Result "0-1"]
[WhiteElo "2284"]
[BlackElo "2250"]
[PlyCount "98"]
[EventDate "2021.04.27"]
[EventType "swiss (blitz)"]
[EventRounds "11"]
[EventCountry "USA"]
[SourceTitle "CBM 202 Extra"]
[Source "ChessBase"]
[SourceDate "2021.07.31"]
[SourceVersion "1"]
[SourceVersionDate "2021.07.31"]
[SourceQuality "1"]

1. e4 c5 2. Nf3 Nc6 3. d4 cxd4 4. Nxd4 e5 5. Nb3 Nf6 6. Nc3 Bb4 7. Bd3 d5 8. exd5 Nxd5 9. Bd2 Nxc3 10. bxc3 Be7 11. 0-0 0-0 12. Qe2 Re8 13. Rfd1 Qc7 14. Be3 b6 15. Be4 Bb7 16. Qg4 Rad8 17. h4 Qc8 18. Qxc8 Rxc8 19. Rd7 Ba8 20. Rad1 g6 21. g3 f5 22. Bd5+ Kh8 23. Bh6 Red8 24. Rxd8+ Rxd8 25. c4 Nb4 26. c3 Nxd5 27. cxd5 Rxd5 28. Rc1 Kg8 29. c4 Rd7 30. Be3 Kf7 31. c5 bxc5 32. Bxc5 Bd5 33. Bxe7 Kxe7 34. Nc5 Rc7 35. Nd3 Rxc1+ 36. Nxc1 Bc4 37. Kg2 Kd6 38. Kf3 Kc5 39. Ke3 Kb4 40. Kd2 Ka3 41. Kc3 Bxa2 42. Nxa2 Kxa2 43. Kb4 Kb2 44. Ka5 Kc3 45. Ka6 Kd3 46. Kxa7 Ke2 47. Kb6 Kxf2 48. Kc5 e4 49. Kd4 e3 0-1

[Event "Titled Tuesday intern op 13th Apr"]
[Site "Chess.com INT"]
[Date "2021.04.13"]
[Round "2"]
[White "Abdumalik, Zhansaya"]
[Black "Orantes Taboada, Francisco"]
[Result "1-0"]
[WhiteElo "2472"]
[BlackElo "2250"]
[PlyCount "81"]
[EventDate "2021.04.13"]
[EventType "swiss (blitz)"]
[EventRounds "11"]
[EventCountry "USA"]
[SourceTitle "CBM 201 Extra"]
[Source "ChessBase"]
[SourceDate "2021.05.31"]
[SourceVersion "1"]
[SourceVersionDate "2021.05.31"]
[SourceQuality "1"]

1. e4 c5 2. Nf3 Nc6 3. d4 cxd4 4. Nxd4 Nf6 5. Nc3 e5 6. Ndb5 d6 7. Bg5 a6 8. Na3 b5 9. Nd5 Be7 10. Bxf6 Bxf6 11. c4 b4 12. Nc2 Rb8 13. g3 Bg5 14. Bg2 0-0 15. 0-0 f5 16. exf5 Bxf5 17. Nde3 Bxe3 18. Nxe3 Nd4 19. b3 Bg6 20. a3 a5 21. axb4 Rxb4 22. Ra3 Rb8 23. h4 Qf6 24. Rxa5 Rxb3 25. h5 Bf7 26. Nd5 Bxd5 27. Bxd5+ Kh8 28. c5 dxc5 29. Bxb3 Nf3+ 30. Kg2 e4 31. Rxc5 Qb6 32. Rd5 h6 33. Rd6 Qb7 34. Rd7 Qc6 35. Ba4 Qe6 36. Rd6 Qf5 37. Qd5 Qf7 38. Qxf7 Rxf7 39. Rd8+ Kh7 40. Be8 Rf8 41. Bg6+ 1-0